IC component sockets

This book provides a comprehensive reference on all aspects of integrated circuit (IC) socket technology. It's intended mainly for IC managers and engineers who need specific and detailed information about sockets but are bewildered by the variety and scope of contact designs and features. Comp...

全面介绍

Đã lưu trong:
书目详细资料
主要作者: Liu, Weifeng
格式: 图书
语言:Undetermined
出版: Hoboken, N.J. Wiley-Interscience 2004.
主题:
标签: 添加标签
没有标签, 成为第一个标记此记录!
Thư viện lưu trữ: Trung tâm Học liệu Trường Đại học Cần Thơ
LEADER 01154nam a2200217Ia 4500
001 CTU_126452
008 210402s9999 xx 000 0 und d
020 |c 78.15 
082 |a 621.381531 
082 |b L783 
100 |a Liu, Weifeng 
245 0 |a IC component sockets 
245 0 |c Weifeng Liu; Michael Pecht 
260 |a Hoboken, N.J. 
260 |b Wiley-Interscience 
260 |c 2004. 
520 |a This book provides a comprehensive reference on all aspects of integrated circuit (IC) socket technology. It's intended mainly for IC managers and engineers who need specific and detailed information about sockets but are bewildered by the variety and scope of contact designs and features. Component socket properties and materials are covered, as well as component sockets for PTH, J-Leaded, Gull-Wing, BGA and LGA packages, failure modes and mechanisms, socket testing and qualification, and a section on reliability assessment. 
650 |a Printed circuits,Electric connectors.,Microelectronic packaging. 
650 |x Equipment and supplies 
904 |i Minh, Huỳnh Mai 
980 |a Trung tâm Học liệu Trường Đại học Cần Thơ